000 00745nam a2200229 a 4500
001 71186
003 BD-RjUL
005 20211209082103.0
008 170429s1968 bg ||||| |||| 00| 0 ben d
020 _c: TK. 4.00
035 _a(BD-RjUL)71401
040 _aBD-RjUL
_bben
_cBD-RjUL
_dBD-RjUL
041 _aben
082 _223
_a782.00922
_bUDS 1968
100 _aউদ্দীন, জসীম
_9210613
245 _aস্মৃতির পট /
_cজসীম উদ্দীন
260 _aঢাকা :
_bপলাশ প্রকাশনী,
_c১৯৬৮.
300 _a১৯৫ পৃ. ;
_c২২ সেমি.
650 _aগায়ক
_vজীবনী
_9210787
650 _aSinger
_vBiography
_9210788
942 _2ddc
_cBK
999 _c71186
_d71186